[Event "Challenge"]
[Site "http://www.queenalice.com/game.php?id=1779450"]
[Date "2022.1.6"]
[Round "-"]
[White "Zeca1955"]
[Black "francisc059"]
[Result "1/2-1/2"]
[WhiteElo "1907"]
[BlackElo "2017"]

1. e4 e5 2. Nf3 Nc6 3. Bb5 a6 4. Bxc6 dxc6 5. O-O Bg4 6. h3 Bh5 7. d3 f6 8. Nc3
Bc5 9. Kh1 Ne7 10. a3 O-O 11. b4 Ba7 12. Be3 Bxe3 13. fxe3 Bxf3 14. Rxf3 Ng6 15.
Rg3 Qd7 16. Qh5 Rae8 17. Rd1 Qf7 18. d4 Ne7 19. Qxf7+ Rxf7 20. Ne2 Ng6 21. Rg4
Ne7 22. Ng3 g6 23. Nf5 Kh8 24. Nh6 Rg7 25. Rf1 Ng8 26. Nxg8 Kxg8 27. Rxf6 Rf7
28. Rxf7 Kxf7 29. d5 h5 30. Rg3 Rd8 31. c4 b5 32. c5 cxd5 33. exd5 Rxd5 34. Kh2
Rd3 35. e4 Rd4 36. Re3 c6 37. Kg3 g5 38. Kf3 Kg6 39. g3 Kf6 40. Kf2 Rd2+ 41. Re2
Rxe2+ 42. Kxe2 Ke6 43. Kf3 1/2-1/2

[Event "AUTO-INT-3683"]
[Site "http://www.queenalice.com/game.php?id=1780174"]
[Date "2022.1.12"]
[Round "3"]
[White "SamuraiJOM"]
[Black "francisc059"]
[Result "1/2-1/2"]
[WhiteElo "1668"]
[BlackElo "2028"]

1. e4 e5 2. Nf3 Nc6 3. Bc4 Bc5 4. O-O Nf6 5. Nc3 O-O 6. h3 d6 7. d3 Na5 8. Bb3
Nxb3 9. axb3 a6 10. Ne2 Bd7 11. Qd2 Re8 12. b4 Ba7 13. b3 Qc8 14. Nh4 Bxh3 15.
gxh3 Qxh3 16. Nf4 Qxh4 17. Ng2 Qh5 18. Qg5 Qe2 19. Be3 Bxe3 20. Nxe3 h6 21. Qh4
Re6 22. Qh3 Qh5 23. Qxh5 Nxh5 24. Kh2 Nf4 25. b5 a5 26. Nc4 b6 27. Ne3 g6 28.
Ng4 h5 29. Ne3 Ne2 30. Nd5 Rc8 31. f3 Nf4 32. Nxf4 exf4 33. Kh3 g5 34. c3 c5 35.
bxc6 Rxc6 36. c4 Re5 37. Rg1 f6 38. d4 Re7 39. d5 Rcc7 40. Rae1 Kh7 41. Rg2 Kh6
42. Rh2 f5 43. e5 Rxe5 44. Rxe5 dxe5 45. Re2 Rd7 46. Rxe5 Rd6 47. Rxf5 Kg6 48.
Rf8 b5 49. Ra8 bxc4 50. bxc4 Kf5 51. Rxa5 g4+ 52. fxg4+ hxg4+ 53. Kg2 Ke4 54.
Ra3 Kd4 55. Ra4 Ke3 56. Ra3+ Ke4 57. Kf2 g3+ 58. Kg2 Kd4 59. Ra4 Ke3 60. Ra3+
Kd4 61. Rf3 1/2-1/2

[Event "AUTO-INT-3683"]
[Site "http://www.queenalice.com/game.php?id=1780175"]
[Date "2022.1.12"]
[Round "3"]
[White "francisc059"]
[Black "SamuraiJOM"]
[Result "0-1"]
[WhiteElo "2038"]
[BlackElo "1784"]

1. e4 e5 2. Nf3 Nc6 3. d4 d6 4. dxe5 Be7 5. exd6 cxd6 6. Nc3 Nf6 7. Bb5 a6 8.
Bd3 Nb4 9. a3 Nxd3+ 10. cxd3 O-O 11. O-O Bg4 12. h3 Bh5 13. Bg5 Qc7 14. Rc1 Qd7
15. Re1 Rfe8 16. Ne2 Bxf3 17. gxf3 Qxh3 18. Bxf6 Bxf6 19. Ng3 Bxb2 20. Rc2 Bxa3
21. Ree2 Re5 22. Qf1 Qxf1+ 23. Kxf1 Kf8 24. Rc7 Rb8 25. Ra2 Bc1 0-1

[Event "AUTO-ADV-4543"]
[Site "http://www.queenalice.com/game.php?id=1781332"]
[Date "2022.1.26"]
[Round "2"]
[White "flanny"]
[Black "francisc059"]
[Result "0-1"]
[WhiteElo "1755"]
[BlackElo "1942"]

1. e4 e5 2. Nf3 Nc6 3. Bc4 Bc5 4. d4 Nxd4 5. Ng5 Ne6 6. h4 h6 7. Nf3 Nf6 8. O-O
O-O 9. Nxe5 d6 10. Nd3 Bb6 11. Nc3 Nd4 12. e5 Ng4 13. g3 dxe5 14. Bd5 c6 15. Bf3
Nxf3+ 16. Qxf3 Be6 17. Re1 f6 18. Be3 Nxe3 19. Rxe3 Bxe3 20. Qxe3 Qd4 21. Rd1
Qxe3 22. fxe3 Rfd8 23. e4 b6 24. a4 Bc4 25. b3 Bxd3 26. cxd3 Rd7 27. Kf2 Rad8
28. Ke3 g6 29. g4 Kf7 30. b4 c5 31. bxc5 bxc5 32. Nd5 f5 33. Rf1 Ke6 34. gxf5+
gxf5 35. Rc1 f4+ 36. Kf3 Rc8 37. a5 Rxd5 38. exd5+ Kxd5 39. a6 Rc6 40. Ra1 Kd4
41. Ra3 c4 42. Rc3 Kxc3 0-1

[Event "AUTO-ADV-4543"]
[Site "http://www.queenalice.com/game.php?id=1781333"]
[Date "2022.1.26"]
[Round "2"]
[White "francisc059"]
[Black "flanny"]
[Result "0-1"]
[WhiteElo "2058"]
[BlackElo "1738"]

1. e4 e5 2. Nf3 Nf6 3. Nc3 Bc5 4. Nxe5 O-O 5. d4 Bb4 6. Bd3 d6 7. Nf3 Bg4 8. h3
Bxc3+ 9. bxc3 Bd7 10. Bg5 h6 11. Bxf6 Qxf6 12. O-O Nc6 13. Re1 Rfe8 14. Rb1 b6
15. e5 dxe5 16. dxe5 Nxe5 17. Nxe5 Rxe5 18. Rxe5 Qxe5 19. Qd2 Qg5 20. Qxg5 hxg5
21. Re1 c5 22. Re7 Be6 23. c4 Kf8 24. Rc7 g4 25. hxg4 Bxg4 26. f3 Be6 27. Kf2
Ke8 28. f4 Kd8 29. Rb7 a6 30. Rxb6 Kc7 31. Rb1 f5 32. Kf3 Rg8 33. Re1 Kd6 34. a4
Rb8 35. g3 Rb4 36. Ra1 g6 37. Ra3 Bxc4 38. g4 Bxd3 39. cxd3 fxg4+ 40. Kxg4 Rb1
41. Kg5 Rf1 42. Rc3 Rg1+ 43. Kf6 Kd5 44. Rc4 Rg4 45. Re4 a5 46. Kf7 Kd6 47. Kf6
Rg3 48. Rc4 Rxd3 49. Kxg6 Rg3+ 50. Kf5 Kd5 51. Rc1 c4 52. Rd1+ Kc5 53. Ke4 c3
0-1

[Event "AUTO-ADV-4543"]
[Site "http://www.queenalice.com/game.php?id=1781336"]
[Date "2022.1.26"]
[Round "2"]
[White "Pin"]
[Black "francisc059"]
[Result "0-1"]
[WhiteElo "2024"]
[BlackElo "2011"]

1. e4 e5 2. Nf3 Nc6 3. Bb5 a6 4. Ba4 Nf6 5. O-O Be7 6. Re1 b5 7. Bb3 d6 8. d4
exd4 9. Nxd4 Nxd4 10. Qxd4 O-O 11. Bg5 h6 12. Be3 c5 13. Qd3 c4 14. Bxc4 bxc4
15. Qe2 Nxe4 16. Bxh6 Bf5 17. Be3 Rb8 18. c3 Bg5 19. Na3 d5 20. Rad1 Bxe3 21.
Qxe3 Rxb2 22. Re2 Rxe2 0-1

[Event "AUTO-ADV-4543"]
[Site "http://www.queenalice.com/game.php?id=1781337"]
[Date "2022.1.26"]
[Round "2"]
[White "francisc059"]
[Black "Pin"]
[Result "0-1"]
[WhiteElo "2025"]
[BlackElo "2007"]

1. e4 c5 2. Nc3 Nc6 3. f4 d6 4. Nf3 g6 5. Bb5 Bd7 6. O-O Bg7 7. d3 Nf6 8. Qe1
O-O 9. Bxc6 Bxc6 10. f5 Nh5 11. fxg6 hxg6 12. Bg5 Nf6 13. Qh4 Qd7 14. Rad1 Rfe8
15. Bh6 Qg4 16. Bxg7 Qxh4 17. Nxh4 Kxg7 18. Nf3 e6 19. e5 Nd5 20. Nxd5 Bxd5 21.
c4 Bxf3 22. Rxf3 dxe5 23. Re1 f6 24. a3 a5 25. a4 Rad8 26. Kf2 Rd4 27. h3 Red8
28. Ke2 e4 0-1

[Event "AUTO-ADV-4543"]
[Site "http://www.queenalice.com/game.php?id=1781340"]
[Date "2022.1.26"]
[Round "2"]
[White "francisc059"]
[Black "maxchessbr"]
[Result "0-1"]
[WhiteElo "2015"]
[BlackElo "1919"]

1. e4 c5 2. Nc3 Nc6 3. f4 e6 4. Nf3 a6 5. a4 b6 6. Bc4 Bb7 7. O-O d6 8. Qe1 Nf6
9. d3 Be7 10. Qg3 g6 11. Bd2 d5 12. exd5 exd5 13. Ba2 Nb4 14. f5 Nh5 15. Qg4 O-O
16. fxg6 hxg6 17. Ne5 Bf6 18. Rae1 Nxc2 19. Re2 Nd4 20. Ree1 Nc2 21. Re2 Bc8 22.
Qf3 Nd4 23. Qxd5 Nxe2+ 24. Kh1 Qxd5 25. Nxd5 Bxe5 0-1

[Event "AUTO-ADV-4543"]
[Site "http://www.queenalice.com/game.php?id=1781341"]
[Date "2022.1.26"]
[Round "2"]
[White "maxchessbr"]
[Black "francisc059"]
[Result "1/2-1/2"]
[WhiteElo "1978"]
[BlackElo "2031"]

1. Nf3 Nf6 2. d4 d5 3. e3 g6 4. Be2 Bg7 5. O-O O-O 6. b3 Nbd7 7. Bb2 c5 8. Nbd2
cxd4 9. exd4 Qb6 10. Bd3 Re8 11. Re1 Ng4 12. h3 Ngf6 13. Ne5 Nxe5 14. Rxe5 Nd7
15. Rxd5 Qc7 16. Nf3 Nf6 17. Re5 b6 18. c4 Bb7 19. Re1 e6 20. Ne5 Nd7 21. Nf3
Qf4 22. Qd2 Qxd2 23. Nxd2 Nc5 24. Be4 Bxe4 25. Nxe4 Nd3 26. Bc3 Nxe1 27. Rxe1
Red8 28. Rd1 Rac8 29. a4 a5 30. f3 f5 31. Ng3 Rd7 32. Ne2 Rcd8 33. Kf2 Kf7 34.
f4 e5 35. d5 e4 36. Bxg7 Kxg7 37. Nd4 Kf6 38. h4 h5 39. Ke3 Rd6 40. g3 Ke7 41.
Nb5 R6d7 42. Kd4 Kf6 43. Ke3 Ke7 44. Nd4 Kd6 45. Kd2 Rc8 46. Kc3 Kc5 47. Nb5
Rcd8 48. Nd4 Rc8 49. Ne6+ Kd6 50. Nd4 Kc5 1/2-1/2

[Event "AUTO-ADV-4556"]
[Site "http://www.queenalice.com/game.php?id=1781710"]
[Date "2022.1.29"]
[Round "2"]
[White "EcheKiel"]
[Black "francisc059"]
[Result "1/2-1/2"]
[WhiteElo "1842"]
[BlackElo "2001"]

1. e4 e5 2. Nc3 Nf6 3. Qf3 Nc6 4. Nd5 Nd4 5. Nxf6+ gxf6 6. Qc3 Bb4 7. Qd3 Ne6 8.
Nh3 c6 9. c3 Bc5 10. g3 d6 11. Qf3 Ng5 12. Nxg5 fxg5 13. Bc4 Qe7 14. d4 exd4 15.
Bd2 Be6 16. Bxe6 Qxe6 17. cxd4 g4 18. Qc3 Bb6 19. O-O d5 20. Rae1 O-O-O 21. e5
Rde8 22. Bf4 h5 23. a4 a6 24. Qb3 1/2-1/2

[Event "AUTO-ADV-4556"]
[Site "http://www.queenalice.com/game.php?id=1781711"]
[Date "2022.1.29"]
[Round "2"]
[White "francisc059"]
[Black "EcheKiel"]
[Result "1/2-1/2"]
[WhiteElo "2008"]
[BlackElo "1835"]

1. e4 e5 2. Nf3 Nc6 3. d4 d5 4. Nxe5 Qe7 5. Nxc6 Qxe4+ 6. Qe2 Qxe2+ 7. Bxe2 bxc6
8. Bf4 Bd6 9. Bxd6 cxd6 10. Nd2 Ne7 11. Nf3 h6 12. O-O-O O-O 13. Rhe1 Be6 14.
Bd3 Rfe8 15. Re2 Rab8 16. Rde1 Kf8 17. Re3 Bf5 18. Bxf5 Nxf5 19. Rxe8+ Rxe8 20.
Rxe8+ Kxe8 21. Kd2 g5 22. h3 Ke7 23. Kd3 f6 24. c3 c5 25. b3 a5 26. a4 Kd7
1/2-1/2

[Event "AUTO-ADV-4556"]
[Site "http://www.queenalice.com/game.php?id=1781714"]
[Date "2022.1.29"]
[Round "2"]
[White "francisc059"]
[Black "Nigel68"]
[Result "1-0"]
[WhiteElo "2019"]
[BlackElo "1911"]

1. e4 e5 2. Nf3 Nc6 3. d4 exd4 4. Bc4 Qe7 5. O-O Ne5 6. Nxe5 Qxe5 7. Re1 Bd6 8.
g3 Nf6 9. Bf4 Qc5 10. e5 Qxc4 11. exf6+ Kf8 12. fxg7+ Kxg7 13. Qg4+ 1-0

[Event "AUTO-ADV-4556"]
[Site "http://www.queenalice.com/game.php?id=1781715"]
[Date "2022.1.29"]
[Round "2"]
[White "Nigel68"]
[Black "francisc059"]
[Result "0-1"]
[WhiteElo "1892"]
[BlackElo "2014"]

1. e4 e5 2. Bc4 Nf6 3. Nc3 Bc5 4. d3 d6 5. h3 O-O 6. Nf3 Nc6 7. Bg5 h6 8. Bd2
Na5 9. Qe2 Nxc4 10. dxc4 Be6 11. O-O-O c6 12. g4 Nd7 13. Rdg1 f6 14. h4 Qe8 15.
g5 h5 16. gxf6 Nxf6 17. Ng5 Bg4 18. Qe1 Nh7 19. Rg2 Nxg5 20. hxg5 Bf3 21. Rhh2
Bxg2 22. Rxg2 Qf7 23. g6 Qf3 24. Qh1 Bxf2 25. Qh2 h4 26. Qh1 Bg3 27. Qh3 Rf6 28.
Rxg3 Qxg3 29. Qxg3 hxg3 0-1

[Event "Escorpión"]
[Site "http://www.queenalice.com/game.php?id=1781757"]
[Date "2022.1.30"]
[Round "4"]
[White "francisc059"]
[Black "Archer"]
[Result "1-0"]
[WhiteElo "1995"]
[BlackElo "1762"]

1. e4 e6 2. d4 b6 3. g3 Bb7 4. Bg2 f5 5. f3 Qe7 6. c4 g6 7. Nc3 Ba6 8. b3 Nc6 9.
Nge2 Nf6 10. e5 Nh5 11. f4 Bh6 12. Nb5 Rc8 13. Bxc6 dxc6 14. Nxa7 Ra8 15. Nxc6
Qd7 16. Nb4 Bb7 17. Rg1 O-O 18. Be3 Bf3 19. Rf1 Bg4 20. Rf2 Rf7 21. Nd3 Rg7 22.
Qd2 Qc6 23. d5 exd5 24. Nb4 Qb7 25. cxd5 Qc8 26. Rc1 Bh3 27. Bxb6 Re7 28. d6 Rd7
29. Rxc7 Qe8 30. Qd5+ Kh8 31. Rxd7 Qxd7 32. Qxa8+ Kg7 33. Nd4 Kf7 34. Rc2 Qe8
35. Rc7+ Kf8 36. Rc8 Ng7 37. Rxe8+ Nxe8 38. d7 1-0

[Event "AUTO-INT-3682"]
[Site "http://www.queenalice.com/game.php?id=1783113"]
[Date "2022.2.19"]
[Round "3"]
[White "francisc059"]
[Black "Biagio"]
[Result "0-1"]
[WhiteElo "1969"]
[BlackElo "1989"]

1. e4 c6 2. d4 d5 3. exd5 cxd5 4. Bf4 Nc6 5. Nf3 Bg4 6. Be2 e6 7. h3 Bxf3 8.
Bxf3 Qb6 9. O-O Qxd4 10. Qxd4 Nxd4 11. Bd1 Nf6 12. c3 Nc6 13. Ba4 Bc5 14. Nd2
O-O 15. Rfe1 Rac8 16. Rad1 Rfd8 17. Nf3 Ne4 18. Bc2 Bxf2+ 0-1

[Event "AUTO-INT-3682"]
[Site "http://www.queenalice.com/game.php?id=1783114"]
[Date "2022.2.19"]
[Round "3"]
[White "Biagio"]
[Black "francisc059"]
[Result "1-0"]
[WhiteElo "1950"]
[BlackElo "1986"]

1. d4 Nf6 2. Nf3 d5 3. Bf4 g6 4. e3 Bg7 5. h3 Nbd7 6. Bd3 c5 7. c3 O-O 8. Nbd2
Nh5 9. Bh2 c4 10. Be2 b5 11. O-O Re8 12. Ne5 Nxe5 13. dxe5 f6 14. g4 1-0

[Event "Challenge"]
[Site "http://www.queenalice.com/game.php?id=1783224"]
[Date "2022.2.21"]
[Round "-"]
[White "JJerzy"]
[Black "francisc059"]
[Result "1-0"]
[WhiteElo "1500"]
[BlackElo "1940"]

1. d4 Nf6 2. Nf3 d5 3. e3 Nc6 4. c4 Bg4 5. Nc3 e6 6. cxd5 exd5 7. Be2 Bb4 8. Bd2
O-O 9. O-O Bxc3 10. Bxc3 Ne4 11. Rc1 Nxc3 12. Rxc3 Re8 13. a3 h6 14. Bb5 Re6 15.
Be2 Qf6 16. Ne1 Bxe2 17. Qxe2 Nxd4 18. Qd3 Nc6 19. Qxd5 Rd8 20. Qf3 Qxf3 21.
Nxf3 Red6 22. Re1 Rd1 23. Kf1 Rxe1+ 24. Kxe1 Kf8 25. Ke2 f6 26. Rd3 Rxd3 27.
Kxd3 Ke7 28. e4 Ke6 29. Nd4+ Nxd4 30. Kxd4 b6 31. f4 c5+ 32. Kc4 Kd6 33. Kb5 1-0

[Event "Escorpión"]
[Site "http://www.queenalice.com/game.php?id=1785243"]
[Date "2022.3.20"]
[Round "5"]
[White "Givanildo"]
[Black "francisc059"]
[Result "0-1"]
[WhiteElo "1594"]
[BlackElo "1951"]

1. d4 d5 2. Bf4 e6 3. a3 Bd6 4. Bxd6 Qxd6 5. e3 Nf6 6. h3 O-O 7. Bd3 Nc6 8. Nf3
e5 9. dxe5 Nxe5 10. Nxe5 Qxe5 11. O-O Qxb2 12. Nd2 c5 13. e4 dxe4 14. Nxe4 Nxe4
15. Bxe4 Rb8 16. Rb1 Qxa3 17. c4 Qc3 18. Qh5 g6 19. Qg5 Qxc4 20. Bd5 Qd4 21.
Rbd1 Qa4 22. Bxf7+ Kxf7 23. Qd5+ Be6 24. Qf3+ Kg8 25. Qe3 Bc4 26. Qxc5 Bxf1 0-1